El sentido de la libertad : cómo construir una autonomía responsable /

Detalles Bibliográficos
Autor principal: Blanco, Carlos, 1986- (Autor)
Formato: Electrónico eBook
Lenguaje:español
Publicado: [Barcelona] : Herder, 2023.
Edición:2a edición digital.
Colección:Biblioteca de filosofía (Barcelona, Spain)
Materias:
Acceso en línea:Digitalia Hispánica

MARC

LEADER 00000nam a2200000 i 4500
001 DIGHERDER0676
003 NyNyDIG
007 cr |||||||||||
008 240117s2023 sp o 000 0 spa d
006 m o d
035 |a (OCoLC)1401059450 
040 |a DGITA  |b eng  |e rda  |e pn  |c DGITA 
020 |a 9788425450730  |q digital 
020 |z 9788425450723 
050 1 4 |a B105.L45 ebook 
100 1 |a Blanco, Carlos,  |d 1986-  |e author. 
245 1 3 |a El sentido de la libertad :  |b cómo construir una autonomía responsable /  |c Carlos Blanco. 
250 |a 2a edición digital. 
264 1 |a [Barcelona] :  |b Herder,  |c 2023. 
300 |a 1 online resource. 
336 |a text  |b txt  |2 rdacontent 
337 |a computer  |b c  |2 rdamedia 
338 |a online resource  |b cr  |2 rdacarrier 
347 |a text file  |2 rdaft 
347 |b EPUB 
490 1 |a Biblioteca de filosofía 
588 0 |a Online resource; title from ePub title page (Digitalia, viewed January 17, 2024) 
650 0 |a Liberty  |x Philosophy. 
650 0 |a Autonomy (Philosophy) 
791 2 |a Digitalia (Firm),  |e distributor. 
793 0 |g Digitalia eBook Collection:  |a Herder Editorial 
776 0 8 |i Print version:  |a Blanco, Carlos, 1986-  |t Sentido de la libertad.  |d [Barcelona] : Herder, [2023]  |z 9788425450723 
830 0 |a Biblioteca de filosofía (Barcelona, Spain) 
856 4 0 |3 Digitalia Hispánica  |u https://www.digitaliapublishing.com/a/133101/ 
910 |a Premium collection: 2024